El mercado laboral como vínculo entre la inversión en educación y su rendimiento.

Salvato in:
Dettagli Bibliografici
Autore principale: Ontiveros Jiménez, Manuel (autor)
Natura: Sconosciuto
Lingua:spagnolo
Soggetti:
Accesso online:Ver documento en línea
Tags: Aggiungi Tag
Nessun Tag, puoi essere il primo ad aggiungerne!!

MARC

LEADER 00000c**#a2200000ua#4500
001 000517797
003 DLC
005 20260413000000.0
008 070831c^^^^9999^^^^r1^^^^^^^^0^^^^0spa^d
009 20260413094551.391
022 |a 01851284 
035 |a FCE 000062026 
037 |a Acervo ITESO - Biblioteca 
041 |a spa 
095 |a RLEE  |b 07-3-4-239. 
100 |a Ontiveros Jiménez, Manuel  |e (autor) 
245 1 3 |a El mercado laboral como vínculo entre la inversión en educación y su rendimiento. 
264 |a México :  |b Centro de Estudios Educativos,  |c 2007. 
336 |a texto  |b txt  |2 rdacontenido 
337 |a sin mediación  |b n  |2 rdamedio 
338 |a volumen  |b nc  |2 rdasoporte 
649 |a XX 
650 |a Educación superior 
650 |a Teoría 
650 |a Relación educación-trabajo 
650 |a Economía 
650 |a Educación 
650 |a Capital humano 
650 |a Desempeño educativo 
650 |a México 
740 |g vol. 37, no. 3-4, 2007, pp. 239-268  |t Revista Latinoamericana de Estudios Educativos. Construcción Ciudadana de lo Público, 
856 4 0 |u https://www.cee.edu.mx/rlee/revista/r2001_2010/r_texto/t_2007_3-4_10.pdf  |y Ver documento en línea 
910 |a Fondo Centro de Estudios Educativos 
920 |a Impresos - Libros 
930 |a Fondos Especiales 
905 |a 133 
902 |a https://opac.biblio.iteso.mx/vufind/Record/000517797